Quiz sur Napoléon Ier (Partie 2) - Statistiques

Statistiques générales
  • Ce quiz a été pris 49 fois
  • Le résultat moyen est 5 sur 10
Statistiques - réponses
Question Réponse % Correct
Quand Napoléon Ier meurt-il ? 5 mai 1821
83%
Durant la campagne de Russie de 1812, la grande armée fut presque détruite, et par la suite elle perdit la campagne d'Allemagne de 1813 et la campagne de France de 1814. Ensuite, Napoléon est exilé puis repart de l'île d'Elbe. Comment se nomme la période durant laquelle Napoléon récupère la France ? Les Cent-Jours
83%
Après la victoire d'Iena le 14 octobre 1806, que fait Napoléon Ier ? Il dissout le Saint-Empire romain germanique
67%
Après la victoire de Napoléon Ier contre les coalisés durant la campagne de Prusse et de Pologne de 1807 sont signés les traités de Tilstit. Parmi les choix ci-dessous, lequel a été accordé par les traités de Tilstit ? L'indépendance d'une partie de la Pologne
67%
Pour la campagne de Prusse et de Pologne de 1807, combien d'hommes Napoléon Ier a-t-il envoyés au front ? Et pour les coalisés ? 160 000 Français contre 240 000 coalisés
33%
Lors de la campagne de Russie de 1812, combien d'hommes Napoléon Ier a-t-il envoyés au front ? 600 000 hommes
33%
Quel est le bilan humain total des guerres napoléoniennes de 1804 à 1815 ? Entre 5 000 000 et 6 000 000 morts
33%
Parmi ces batailles, laquelle mettra fin à la campagne de Prusse et de Pologne de 1807 (gagnée par Napoléon Ier) ? La bataille de Friedland
33%
Durant la bataille d'Eylau le 8 février 1807, combien de soldat seront tués, blessés ou disparus ? 60 - 70 000
17%
Du 26 au 29 octobre 1812 a eu lieu la bataille de la Bérézina ; quelle en fut l'issue ? Victoire française
0%
Aucun quiz correspondant
Distribution des résultats
% des personnes avec chaque résultat
Percentile par nombre de réponses
Votre historique - résultats
Vous n’avez pas pris ce quiz